000 00446nam a2200181Ia 4500
001 9701
005 20260306161737.0
008 260306t2015||||xx |||||||||||||| ||spa||
041 _aESP
082 _a398.20985
_bP34
100 _aPease García Yrigoyen, Franklin
_eAUT
245 0 _aEl pensamiento mítico:
_bantología
260 _c2015
300 _a235 páginas :
_c21 cm.
650 _aGEN
654 _aCHU
942 _cLIB
_dJUS
_fJUS
_2ddc
_n
999 _c9701
_d9701